000 00955cab a2200325 4500
001 WB2920-33
008 090401t1993 xxu||||| |||| 00| 0 eng d
035 _a(Sirsi) u38194
041 _aeng
245 _aClubs face stadium struggle
260 _c1993
350 _a0
490 _aBuilding Design
_v(1125) 21 May 1993, 6(1)
520 _aTen football first division clubs have been identified as unlikely to meet the Football Licensing Authority`s deadline for constructing four-sided all-seater stadia.
650 _aALL-SEATER STADIA
650 _aBARNSLEY
650 _aBIRMINGHAM
650 _aFOOTBALL STADIA
650 _aOXFORD UNITED
650 _aPETERBOROUGH UNITED
650 _aPORTSMOUTH
650 _aSTOKE CITY
650 _aSUNDERLAND
650 _aTRANMERE ROVERS
650 _aWATFORD
690 _aPROPERTY-PROPERTY DEVELOPMENT
690 _aLEISURE AND RECREATION
942 _n0
948 _c04/03/1997
999 _c24541
_d24541